Music Quiz

Random Music or Lyrics Quiz
Score 0/12 Timer 08:00
0 Plays Today
Lyric Song % Correct
What doesn't kill you makes you uglyBreak My Face
95.5%
My Christmas card looks like a mugshotDon't Throw Out My Legos
94.4%
The universe works in mysterious ways but I'm starting to think it ain't working for meKarma
94.4%
I bet my ignorance is always blissBirthday Party
92.1%
Our song plays in the produce aisleBeats
92.1%
I gotta find a girl that doesn't mind that I'm inside my head a lotDear Winter
91%
We could laugh about it all tomorrow, couldn't we? 100 Bad Days
87.6%
You'll sail the ocean finding where you should beNext Up Forever
86.5%
I'd rather be in Vegas than my very own homeThe Entertainment's Here
86.5%
You're just like me and you take delight in itWow, I'm Not Crazy
82%
I said it back to you 'cause you said it firstTurning Out Pt. ii
80.9%
I hope I made you smile. That's all I ever wantedFinale (Can't Wait To See What You Do Next)
58.4%

You're not logged in!

Compare scores with friends on all Sporcle quizzes.
OR
Log In

Sporcle TV

Today on Sporcle TV


Watch our educational content, quiz creation guides, and fun videos on Sporcle TV.

Show Comments

Extras

Top Quizzes Today


Score Distribution

Paid Content

Your Account Isn't Verified!

In order to create a playlist on Sporcle, you need to verify the email address you used during registration. Go to your Sporcle Settings to finish the process.

Report this User

Report this user for behavior that violates our Community Guidelines.

Details: